ロード中...

Analysis of the Tsunami of December 26, 2004, on the Kerala Coast of India - Part III: Inundation and Initial Withdrawal

During the Indian Ocean tsunami of December 26, 2004, specific observations were made by our survey team about the arrival times of several tsunami waves, their amplitudes, maximum extent of horizontal inundation on land and initial withdrawal of the ocean. Here the observations on the horizontal i...

詳細記述

書誌詳細
第一著者: N. P. Kurian ; K. Rajith ; B. T. Murali Krishnan N. Nirupama ; T. S. Murty
フォーマット: Printed Book
出版事項: Marine Geodesy, 29: 277-281, 2006 2006
オンライン・アクセス:http://10.26.1.76/ks/00922.pdf
LEADER 008950000a22001330004500
100 |a N. P. Kurian ; K. Rajith ; B. T. Murali Krishnan N. Nirupama ; T. S. Murty 
245 |a Analysis of the Tsunami of December 26, 2004, on the Kerala Coast of India - Part III: Inundation and Initial Withdrawal 
260 |c 2006 
260 |b Marine Geodesy, 29: 277-281, 2006 
520 |a During the Indian Ocean tsunami of December 26, 2004, specific observations were made by our survey team about the arrival times of several tsunami waves, their amplitudes, maximum extent of horizontal inundation on land and initial withdrawal of the ocean. Here the observations on the horizontal inundation and initial withdrawal are presented and briefly discussed. 
856 |u http://10.26.1.76/ks/00922.pdf 
942 |c KS 
999 |c 70310  |d 70310 
952 |0 0  |1 0  |4 0  |7 0  |9 62274  |a MGUL  |b MGUL  |d 2015-08-01  |l 0  |r 2015-08-01  |w 2015-08-01  |y KS